Jesuits go East.

Bibliographic Details
Main Author: Plattner, Felix Alfred, 1906-1974
Format: Book
Language:English
German
Published: Westminster, Md. : Newman Press, 1952.
Subjects:

MARC

Tag First Indicator Second Indicator Subfields
LEADER 00000cam a2200000 4500
001 in00000102813
005 20150929090132.0
008 720817s1952 eng u
010 |a  52010539  
035 |a (OCoLC)00384149 
035 |9 AAM8564AM 
040 |c WSU  |d TXA  |d UtOrBLW 
041 1 |a eng  |a ger 
049 |a TXAM  |c [297412] 
050 0 |a BV2290  |b .P513 1952 
092 |a 271.5  |b P719j 
100 1 |a Plattner, Felix Alfred,  |d 1906-1974. 
245 1 0 |a Jesuits go East. 
264 1 |a Westminster, Md. :  |b Newman Press,  |c 1952. 
300 |a 283 pages 
336 |a text  |b txt  |2 rdacontent 
337 |a unmediated  |b n  |2 rdamedia 
338 |a volume  |b nc  |2 rdacarrier 
610 2 0 |a Jesuits  |x Missions. 
610 2 0 |a Jesuits  |z Asia. 
651 0 |a Asia  |x Description and travel. 
999 |a MARS 
999 f f |s 0df1743e-2948-3b33-acdd-10d4251b8ace  |i 5b1936a8-d5d8-345b-81bd-2bea0179dd12  |t 0 
952 f f |p ric  |a Texas A&M University  |b Rellis Campus  |c Joint Library Facility  |d Remote Storage  |t 0  |e BV2290 .P513 1952  |h Library of Congress classification  |i unmediated -- volume  |m A14800619822 
998 f f |a BV2290 .P513 1952  |t 0  |l Remote Storage